Pharmacy student survival guide / (رقم التسجيلة. 37776)
[ عرض عادي ]
| 000 -الفاتح | |
|---|---|
| حقل البيانات ثابتة الطول | 02609cam a2200325 i 4500 |
| 001 - رقم الضبط | |
| رقم الضبط | 18052886 |
| 003 - محدد رقم الضبط | |
| رقم الضبط | OSt |
| 005 - وقت وتاريخ اخر تعامل مع التسجيلة | |
| رقم الضبط | 20150729013209.0 |
| 008 - عناصر البيانات ثابتة الطول - معلومات عامة | |
| حقل البيانات ثابتة الطول | 140227t20142014nyua b 001 0 eng d |
| 010 ## - رقم ضبط مكتبة الكونجرس | |
| رقم ضبط مكتبة الكونجرس | 2014008003 |
| 020 ## - الرقم الدولى المعيارى للكتب | |
| الرقم الدولى المعيارى للكتاب | 9780071828475 (pbk. : acidfree paper) |
| 020 ## - الرقم الدولى المعيارى للكتب | |
| الرقم الدولى المعيارى للكتاب | 0071828478 (pbk. : acidfree paper) |
| 035 ## - رقم ضبط النظام | |
| رقم ضبط النظام | (DNLM)101626898 |
| 040 ## - مصدر الفهرسة | |
| وكالة الفهرسة الأصلية | DNLM/DLC |
| وكالة النسخ | DLC |
| قواعد الوصف | rda |
| وكالة التعديل | DLC |
| 042 ## - رمز التحقق | |
| رمز التحقق | pcc |
| 082 00 - رقم تصنيف ديوى العشرى | |
| رقم التصنيف | 615.4076 |
| رقم الطبعة | 23 |
| رقم المادة | PSP |
| 245 00 - بيان العنوان | |
| العنوان | Pharmacy student survival guide / |
| بيان المسئوليه,etc | Ruth E. Nemire, Karen L. Kier, Michelle Assa-Eley. |
| 250 ## - بيان الطبعة | |
| بيان الطبعة | 3rd ed. |
| 260 ## - PUBLICATION, DISTRIBUTION, ETC. (IMPRINT) | |
| مكان الناشر او الموزع | New York : |
| اسم الناشر او الموزع | McGraw-Hill Education Medical, |
| تاريخ النشر أو التوزيع | 2014. |
| 300 ## - الوصف المادى | |
| التعداد | xxi, 596 p. : |
| تفاصيل ماديه اخرى للوعاء | ill. ; |
| أبعاد الوعاء | 23 cm. |
| 504 ## - تبصرة ببليوجرافية | |
| تبصرة ببليوجرافية,الخ | Includes bibliographical references and index. |
| 505 0# - تبصرة محتويات-الفهرس | |
| تبصرة المحتويات المصاغة | First practice course expectations / Elizabeth Frenzel Shepherd -- Ethics in pharmacy practice / Nancy S. Collins -- Pharmacy as a community-based profession / Kevin R. Kearney -- Communication : an overview / Michelle T. Assa-Eley, Ceressa T. Ward -- Rounding, documentation, and patient education / Jacquelyn L. Bainbridge, Caleb Y. Oh -- Monitoring drug therapy / Chasity M. Shelton, Kelly C. Rogers -- Legal implications for pharmacy : regulatory agencies with pharmacy oversight, legal requirements for filling a prescription and political advocacy / Dean L. Arneson, Harold Bobrow, Loretta Brickman -- A brief look at the construction of medical terminology and common definitions of words that are part of the pharmacy vernacular / Ruth E. Nemire, Karen L. Kier -- Pharmacy calculations / A. Timothy Eley -- Physical assessment skills / Cristina E. Bello-Quintero, Rachel H. Bardowell -- Interpretation of clinical laboratory data / Karen Whalen, Nancy Borja-Hart -- Designing patient treatment plans : pharmacokinetic foundations / Sandra B. Earle -- Drug information and drug literature evaluation / Karen L. Kier -- Community/ambulatory care / Maria Maniscalco-Feichtl, Karen L. Whalen -- Institutional pharmacy practice / Stephanie D. Garrett, Antonia Zapantis -- Managed care / Sherry Clayton, Karen Martin, Kathryn Shalek -- Public health / Stuart Feldman, Ruth E. Nemire -- Taking it to the streets : reducing health disparities through domestic and global outreach to the undeserved / Kelly L. Scolaro, Lisa Inge Stewart, Hazel H. Seaba. |
| 650 12 - المدخل الاضافى بالموضوع-مصطلح موضوعى | |
| مصطلح موضوعي أو اسم جغرافي كعنصر مدخل | Pharmacy. |
| 9 (RLIN) | 49757 |
| 650 22 - المدخل الاضافى بالموضوع-مصطلح موضوعى | |
| مصطلح موضوعي أو اسم جغرافي كعنصر مدخل | Education, Pharmacy. |
| 9 (RLIN) | 49758 |
| 650 22 - المدخل الاضافى بالموضوع-مصطلح موضوعى | |
| مصطلح موضوعي أو اسم جغرافي كعنصر مدخل | Pharmacy Administration. |
| 9 (RLIN) | 49759 |
| 700 1# - المدخل الاضافى - اسم شخصى | |
| الإسم الشخصى | Nemire, Ruth E., |
| الدور | editor. |
| 9 (RLIN) | 49760 |
| 700 1# - المدخل الاضافى - اسم شخصى | |
| الإسم الشخصى | Kier, Karen L., |
| الدور | editor. |
| 9 (RLIN) | 49761 |
| 700 1# - المدخل الاضافى - اسم شخصى | |
| الإسم الشخصى | Assa-Eley, Michelle, |
| الدور | editor. |
| 9 (RLIN) | 49762 |
| 942 ## - عناصر المدخل الإضافي( كوها) | |
| مصدر التصنيف او مخطط الترفيف | Dewey Decimal Classification |
| Koha [default] item type | كتاب |
| حالة الفقد | نموذج السعر الفعال | حالة تلف | ليس للاعارة | رقم الطلب | رقم النسخة | تاريخ الاكتساب | الموقع الحالي | الباركود | الفرع الرئيسي | Date last seen | نوع المادة فى نظام كوها | مصدر التصنيف او خطة الترفيف | Total Checkouts |
|---|---|---|---|---|---|---|---|---|---|---|---|---|---|
| 2015-07-29 | Not For Loan | 615.4076 PSP | 1 | 2015-07-29 | المكتبة المركزية بالمجمعة (CL) | 00216138 | المكتبة المركزية بالمجمعة (CL) | 2015-07-29 | كتاب | Dewey Decimal Classification | |||
| 2015-07-29 | 615.4076 PSP | 2 | 2015-07-29 | المكتبة المركزية بالمجمعة (CL) | 00216139 | المكتبة المركزية بالمجمعة (CL) | 2015-07-29 | كتاب | Dewey Decimal Classification | ||||
| 2015-07-29 | 615.4076 PSP | 3 | 2015-07-29 | المكتبة المركزية بالمجمعة (CL) | 00216140 | المكتبة المركزية بالمجمعة (CL) | 2015-07-29 | كتاب | Dewey Decimal Classification |
